Nghiên cứu động cơ thành đạt của thanh niên cư trú trên địa bàn Q. Liên Chiểu - TP Đà Nẵng
Cơ sở lý luận của đề tài. Tổ chức và phương pháp nghiên cứu. Kết quả nghiên cứu thực tiễn về nghiên cứu động cơ thành đạt của thanh niên cư trú trên địa bàn Q. Liên Chiểu - TP Đà Nẵng
محفوظ في:
| المؤلف الرئيسي: | |
|---|---|
| مؤلفون آخرون: | |
| التنسيق: | كتاب |
| اللغة: | Vietnamese |
| منشور في: |
Đại học Đà Nẵng
Trường đại học Sư Phạm
2009
|
| سلاسل: | Khóa luận tốt nghiệp đại học. Chuyên ngành: Cử nhân Tâm lý học
|
| الموضوعات: | |
| الوسوم: |
إضافة وسم
لا توجد وسوم, كن أول من يضع وسما على هذه التسجيلة!
|
| Thư viện lưu trữ: | Mạng thư viện Đại học Đà Nẵng |
|---|
| LEADER | 01629nam a2200349 4500 | ||
|---|---|---|---|
| 001 | 000012276 | ||
| 003 | 8570 | ||
| 005 | 20120217100235.0 | ||
| 008 | 120217s2009 viesd | ||
| 041 | |a vie | ||
| 072 | |a Khóa luận tốt nghiệp | ||
| 082 | |a 153.9 |b HO-H | ||
| 100 | |a Hồ, Thị Thúy Hằng | ||
| 245 | |a Nghiên cứu động cơ thành đạt của thanh niên cư trú trên địa bàn Q. Liên Chiểu - TP Đà Nẵng |c Hồ, Thị Thúy Hằng | ||
| 260 | |a Đại học Đà Nẵng |b Trường đại học Sư Phạm |c 2009 | ||
| 300 | |a 89 tr. |c 29 cm | ||
| 490 | |a Khóa luận tốt nghiệp đại học. Chuyên ngành: Cử nhân Tâm lý học | ||
| 500 | |a Tham khảo + phụ lục [10 tr.] | ||
| 520 | |a Cơ sở lý luận của đề tài. Tổ chức và phương pháp nghiên cứu. Kết quả nghiên cứu thực tiễn về nghiên cứu động cơ thành đạt của thanh niên cư trú trên địa bàn Q. Liên Chiểu - TP Đà Nẵng | ||
| 653 | |a Khóa luận tốt nghiệp đại học | ||
| 653 | |a Khoa Tâm lý - Giáo dục | ||
| 700 | |a Nguyễn, Thị Kim Xuân |c Th.S |e Hướng dẫn | ||
| OWN | |a LSP | ||
| AVA | |a UDN50 |b LSP |d 153.9 HO-H |e available |t Error 5001 Not defined in file expand_doc_bib_avail. |f 1 |g 0 |h N |i 0 |k 1 | ||
| 999 | |a From the UDN01 | ||
| AVA | |a UDN50 |b LSP |d 153.9 HO-H |e available |t Error 5001 Not defined in file expand_doc_bib_avail. |f 1 |g 0 |h N |i 0 |k 1 | ||
| TYP | |a Monograph | ||
| TYP | |a Printed language | ||
| 980 | |a Mạng thư viện Đại học Đà Nẵng | ||